| 000 | 01369nam a2200253Ia 4500 | ||
|---|---|---|---|
| 001 | 18072 | ||
| 003 | GE_BSU | ||
| 008 | 181216s||||||||xx |||||||||||||| ||und|| | ||
| 040 | _cGE_BSU | ||
| 080 | _a811.35'367.622 | ||
| 100 | _aჩიქობავა, არნ. | ||
| 245 | _aსახელის ფუძის უძველესი აგებულება ქართველურ ენებში | ||
| 245 | _cრედ.ვ. თოფურია | ||
| 250 | _aსაქ. სსრ მეცნ. აკად., ენის ინ-ტი აკად. ნ. მარის სახელობისა | ||
| 260 | _aთბილისი | ||
| 260 | _bსაქ. სსრ მეცნ. აკად. გამ-ბა | ||
| 260 | _c1942 | ||
| 300 | _a344გვ. ; 22სმ | ||
| 300 | _eდანართი: საძიებლები, გვ. 299-342. - ბიბლიოგრ. შენიშვნებში. | ||
| 520 | _aწინასიტყვ. და რეზ. ქართ., რუს. და ინგლ. ენ.. | ||
| 653 | _aსახელის ფუძის აგებულება ქართველურ ენებში | ||
| 653 | _aსახელის ფუძის უძველესი აგებულება ქართველურ ენებში | ||
| 942 | _cBK | ||
| 999 |
_c51115 _d51115 |
||